| 000 | 00354nam a22001457a 4500 | ||
|---|---|---|---|
| 003 | OSt | ||
| 005 | 20160727222420.0 | ||
| 008 | 160627b xxu||||| |||| 00| 0 eng d | ||
| 040 | _cTEST | ||
| 100 |
_91231 _aTaylor, H.B |
||
| 245 | _aChildern's Encyclopedia | ||
| 260 |
_aLONDON _bWARD BOOKS. _c1978 |
||
| 300 | _aChildern's Encyclopedia | ||
| 942 |
_2ddc _cBK |
||
| 999 |
_c1005 _d1005 |
||